000 00300nam a2200121Ia 4500
008 190216s9999||||xx |||||||||||||| ||und||
100 _aAtkins P W&Amp; Friedman R S
245 0 _aMolecular Quantum Mechanics
260 _bOxford University Press
300 _a545
650 _aChemistry
942 _cBK
999 _c3248
_d3248